Paul: (Record no. 5154)

000 -LEADER
fixed length control field 00557nam a2200181 a 4500
001 - CONTROL NUMBER
control field :::00002895$&:&@@
003 - CONTROL NUMBER IDENTIFIER
control field OkBaRHE
005 - DATE AND TIME OF LATEST TRANSACTION
control field 20000607103258.0
008 - FIXED-LENGTH DATA ELEMENTS--GENERAL INFORMATION
fixed length control field s1929 j 000 0 eng u
040 ## - CATALOGING SOURCE
Transcribing agency
100 1# - MAIN ENTRY--PERSONAL NAME
Personal name Dallmann, William.
245 10 - TITLE STATEMENT
Title Paul:
Remainder of title life and letters.
260 ## - PUBLICATION, DISTRIBUTION, ETC. (IMPRINT)
Place of publication, distribution, etc St. Louis, MO., :
Name of publisher, distributor, etc Concordia Publishing House
Date of publication, distribution, etc c1929
300 ## - PHYSICAL DESCRIPTION
Extent 356 p. : illus. ;
Dimensions 26 cm.
650 ## - SUBJECT ADDED ENTRY--TOPICAL TERM
Topical term or geographic name as entry element Paul, Saint, apostle
942 ## - ADDED ENTRY ELEMENTS (KOHA)
Source of classification or shelving scheme
Koha item type Books
Copies
Koha item type Date last seen Not for loan Permanent Location Copy number Full call number Lost status Price effective from Source of classification or shelving scheme Withdrawn status Damaged status Shelving location Date acquired Barcode
Books2018-03-16 RHEMA Bible Training College1BS 2505 .D282 2010-04-14   General Stacks2010-04-142895